=LDR 00000nam 2200000 4500 =001 INLIS000000000003679 =005 20161018115609.0 =006 =007 =008 Ind =035 ##$$0010-061300000003679 =041 ##$$a Ind =082 ##$$a 510.707 6 =090 ##$$a 510.707 6, Rus p =100 ##$$a Ruseffendi ET =245 ##$$a Pengantar kepada membantu guru mengembangkan kompetensinya dalam pengajaran matematika untuk meningkatkan CBSA, Ruseffendi ET =260 ##$$a 1988 $b Bandung =300 ##$$a viii, 625 hlm., ilus., 21 cm =650 ##$$a Matematika =650 ##$$a Metode CBSA =850 ##$$a NBPNMAT